000
00274nam a2200121Ia 4500
999
_c
8543
_d
8543
020
_a
978-0030211041
100
_a
Gilbert A Churchill JR
245
0
_a
Basic Marketing Research
250
_a
4th
260
_a
London
_b
World Scientific
_c
2003
300
_a
706
942
_c
BK